000 01458nam a2200421 a 4500
001 8442
003 FISKH
005 20250912095709.0
008 940520s1994 nyua j 000 0 eng d
010 _a 94201052
020 _a0590446428 :
_c$2.50 ($3.50 Can.)
020 _a9780590446426
020 _a9780590446426
035 _a4917192
040 _aOCo
_cOCo
_dDLC
_beng
050 0 0 _aTH4811.5
_b.J33 1994
082 0 0 _a690/.837
_220
100 1 _aJackson, Thomas Campbell.
245 1 0 _aHammers, nails, planks, and paint :
_bhow a house is built /
_cby Thomas Campbell Jackson ; illustrated by Randy Chewning.
260 _aNew York :
_bCartwheel Books,
_c1994.
300 _a30 unnumbered pages :
_bcolor illustrations ;
_c21 cm
336 _atext
_btxt
_2rdacontent
337 _aunmediated
_bn
_2rdamedia
338 _avolume
_bnc
_2rdacarrier
440 0 _aRead with me paperbacks
505 _aR
520 _aA step-by-step description of how a new house is built, from the architect's first blueprint to the day a family moves into their new home.
521 8 _a690
_bLexile estimate
521 8 _aR
_bRaz-Plus
650 0 _aHouse construction
_xJuvenile literature.
650 0 _aDwellings
_xJuvenile literature.
650 1 _aHouse construction.
650 1 _aDwellings.
700 1 _aChewning, Randy,
_eillustrator
906 _a7
_bcbc
_ccopycat
_d2
_encip
_f19
_gy-gencatlg
942 _2ddc
_cBK
_n0
999 _c8442
_d8442